000 00550nam a2200193 ar4500
001 3608
005 20221127090758.0
008 131216s xxu a 00110 eng d
020 _a9780205677207(pbk)
082 0 4 _a709
_bSy99 2010
100 1 _aSayre, Henry M.
245 1 0 _aWorld of art /
_cHenry M. Sayre.
250 _a6th ed.
260 _aUpper Saddle River, NJ :
_bPrentice Hall,
_c2010.
300 _axx, 554 p. :
_bill.(chiefly col.) ;
_c28 cm.
504 _aIncludes bibl. references and index.
650 4 _aArts.
650 4 _aArt
_xHistory.
999 _c3606
_d3606